BIBLIOTECA

SENCICO

Manual tecnológico del cemento (Registro nro. 3456)

Detalles MARC
000 -LEADER
fixed length control field 00663nam a2200181Ia 4500
005 - DATE AND TIME OF LATEST TRANSACTION
control field 20251020182614.0
008 - FIXED-LENGTH DATA ELEMENTS--GENERAL INFORMATION
fixed length control field 200515s9999 xx 000 0 und d
082 ## - DEWEY DECIMAL CLASSIFICATION NUMBER
Classification number SC/691.54(02)/D85
100 ## - MAIN ENTRY--PERSONAL NAME
Personal name DUDA, Walter H.
245 #0 - TITLE STATEMENT
Title Manual tecnológico del cemento
260 ## - PUBLICATION, DISTRIBUTION, ETC.
Place of publication, distribution, etc. Barcelona
260 ## - PUBLICATION, DISTRIBUTION, ETC.
Date of publication, distribution, etc. 1977
300 ## - PHYSICAL DESCRIPTION
Extent 332
520 ## - SUMMARY, ETC.
Summary, etc. La meta propuesta en la elaboración de este libro de datos para la industria del cemento era lograr una descripción, lo más general y concisa posible, de los métodos de fabricación, de las máquinas y de los dispositivos e instalaciones que hoy se aplican
650 ## - SUBJECT ADDED ENTRY--TOPICAL TERM
Topical term or geographic name entry element CEMENTO
650 ## - SUBJECT ADDED ENTRY--TOPICAL TERM
Topical term or geographic name entry element MANUALES
942 ## - ADDED ENTRY ELEMENTS (KOHA)
Koha item type Libros
Existencias
Fecha de la última vez que lo usaron Pago total Signatura topográfica completa Código de barras Precio efectivo desde Tipo de documento Estado perdido Estado dañado No es para préstamo Retirado Ubicación permanente Ubicación actual Fecha de adquisición
15/05/2020   SC/691.54(02)/D85 Bib-Lima15053456 15/05/2020 Libros         Biblioteca Central Lima Biblioteca Central Lima 15/05/2020